Belgium - All municipalities of Limburg - Statistics

General Stats
  • This quiz has been taken 25 times
  • The average score is 24 of 42
Answer Stats
First Letter Answers % Correct
H Hasselt
100%
G Genk
92%
L Lommel
92%
P Peer
92%
M Maaseik
83%
M Maasmechelen
83%
P Pelt
83%
B Beringen
75%
H Houthalen-Helchteren
75%
T Tongeren
75%
B Bree
67%
H Ham
67%
H Hamont-Achel
67%
H Hechtel-Eksel
67%
A Alken
58%
B Bilzen
58%
B Bocholt
58%
D Diepenbeek
58%
H Heers
58%
H Heusden-Zolder
58%
O Oudsbergen
58%
S Sint-Truiden
58%
Z Zonhoven
58%
A As
50%
B Borgloon
50%
L Lanaken
50%
L Leopoldsburg
50%
L Lummen
50%
T Tessenderlo
50%
V Voeren
50%
Z Zutendaal
50%
D Dilsen-Stokkem
42%
H Herk-de-Stad
42%
K Kinrooi
42%
R Riemst
42%
G Gingelom
33%
H Halen
33%
H Hoeselt
33%
N Nieuwerkerken
33%
W Wellen
33%
H Herstappe
25%
K Kortessem
25%
No matching quizzes found
Score Distribution
Percent of People with Each Score
Percentile by Number Answered
Your Score History
You have not taken this quiz